Sense and Nonsense of McLuhan /

Guardado en:
Bibliografiske detaljer
Hovedforfatter: Finkelstein, Sidney (autor)
Format: Bog
Sprog:engelsk
Udgivet: Nueva York, EUA : International Publishers, 1968, c1968
Udgivelse:2a impresión
Serier:(New World Paperbacks on Letters and the Arts ; 86)
Tags: Tilføj Tag
Ingen Tags, Vær først til at tagge denne postø!

MARC

LEADER 00000nam^a2200000^a^4500
001 000596395
005 20250521000000.0
009 20260310133105.483
037 |a Acervo ITESO - Biblioteca 
041 |a ING 
091 |a FCV. 00146 
100 |a Finkelstein, Sidney  |e (autor) 
245 1 0 |a Sense and Nonsense of McLuhan / 
250 |a 2a impresión 
264 4 |a Nueva York, EUA :  |b International Publishers,  |c 1968, c1968 
300 |a 122 p. 
336 |a texto  |b txt  |2 rdacontenido 
337 |a sin mediación  |b n  |2 rdamedio 
338 |a volumen  |b nc  |2 rdasoporte 
440 1 |a (New World Paperbacks on Letters and the Arts ;  |v 86) 
649 |a XX 
910 |a Fondo Juan José Coronado Villanueva S.J. 
920 |a Impresos - Libros 
930 |a Fondos Especiales 
905 |a 144 
901 |a 596395-10  |b IT2  |c ESP  |i D77019  |u 20250521 
902 |a https://opac.biblio.iteso.mx/vufind/Record/000596395